ბათუმის შოთა რუსთაველის სახელმწიფო უნივერსიტეტის ბიბლიოთეკა

Бухгалтерский учет в строительстве (ბიბ.ჩანაწერი № 36946)

000 -LEADER
fixed length control field 00584nam a2200217Ia 4500
001 - CONTROL NUMBER
control field 2897
003 - CONTROL NUMBER IDENTIFIER
control field GE_BSU
008 - FIXED-LENGTH DATA ELEMENTS--GENERAL INFORMATION
fixed length control field 181216s||||||||xx |||||||||||||| ||und||
020 ## - INTERNATIONAL STANDARD BOOK NUMBER
International Standard Book Number 580410148x
040 ## - CATALOGING SOURCE
Transcribing agency GE_BSU
080 ## - UNIVERSAL DECIMAL CLASSIFICATION NUMBER
Universal Decimal Classification number 657+69
100 ## - MAIN ENTRY--PERSONAL NAME
Personal name Бородина В.В.
245 ## - TITLE STATEMENT
Title Бухгалтерский учет в строительстве
260 ## - PUBLICATION, DISTRIBUTION, ETC.
Place of publication, distribution, etc. Москва
260 ## - PUBLICATION, DISTRIBUTION, ETC.
Name of publisher, distributor, etc. Книжный мир
260 ## - PUBLICATION, DISTRIBUTION, ETC.
Date of publication, distribution, etc. 2002
300 ## - PHYSICAL DESCRIPTION
Extent 369 с. 20 см.
653 ## - INDEX TERM--UNCONTROLLED
Uncontrolled term Бухгалтерский учет в строительстве
942 ## - ADDED ENTRY ELEMENTS (KOHA)
Koha item type წიგნი
ეგზემპლარები
Withdrawn status Lost status Damaged status Not for loan Date acquired Barcode Date last seen Price effective from Koha item type Public note
        2018-12-17 7892 2018-12-17 2018-12-17 წიგნი დარბაზი